| 000 | 00504nam a22001577a 4500 | ||
|---|---|---|---|
| 008 | 151006b xxu||||| |||| 00| 0 eng d | ||
| 020 | _a9780826486691 | ||
| 050 | _aB3279.H49C395 2008 | ||
| 100 |
_aCerbone, David R. _920055 |
||
| 245 |
_aHeidegger _ba guide for the perplexed _c/by David R. Cerbone |
||
| 260 |
_aLondon _bContinuum International _c2008 |
||
| 300 |
_axiv, 178p. ; _c22cm. |
||
| 440 |
_aContinuum guides for the perplexed _920056 |
||
| 650 | _2Heidegger, Martin | ||
| 942 |
_2lcc _cMONOGRAPH |
||
| 999 |
_c123453 _d123453 |
||